[Event "Cancun Camara Cup 11th"]
[Site "Cancun"]
[Date "2023.10.15"]
[Round "8"]
[White "Cori, Jorge Moise"]
[Black "Gonzalez Zamora, Juan Carlos"]
[Result "1-0"]
[WhiteElo "2618"]
[BlackElo "2479"]
[PlyCount "77"]
[EventDate "2023.10.11"]
[EventType "swiss"]
[EventRounds "9"]
[EventCountry "MEX"]
[SourceTitle "Mega2024 Update 01"]
[Source "Chessbase"]
[SourceDate "2023.11.12"]
[SourceVersion "1"]
[SourceVersionDate "2023.11.12"]
[SourceQuality "1"]

1. c4 c5 2. Nc3 g6 3. g3 Bg7 4. Bg2 Nc6 5. Nf3 d6 6. d3 e6 7. 0-0 Nge7 8. a3 0-0 9. Bd2 b6 10. Rb1 Bb7 11. b4 Qd7 12. e3 Rad8 13. Qe2 Ba8 14. Rfd1 h6 15. Be1 g5 16. b5 Ne5 17. Nxe5 dxe5 18. e4 f5 19. h3 Qe8 20. Bf3 Rd6 21. a4 fxe4 22. Nxe4 Rd7 23. Bc3 Nf5 24. a5 Qd8 25. Ra1 Bb7 26. axb6 axb6 27. Ra3 Rdf7 28. Bg2 Qb8 29. Ra2 Qd8 30. Ra7 Qb8 31. Rda1 Bxe4 32. Rxf7 Rxf7 33. Qxe4 Ra7 34. Rxa7 Qxa7 35. Bxe5 Qd7 36. Bxg7 Kxg7 37. Qe5+ Kf7 38. Be4 Ng7 39. Qb8 1-0

[Event "South America-ch Rapid 1st"]
[Site "Lima"]
[Date "2023.09.17"]
[Round "9"]
[White "Cori, Jorge Moise"]
[Black "Delgado Romero, Marco"]
[Result "1/2-1/2"]
[WhiteElo "2627"]
[BlackElo "2316"]
[PlyCount "103"]
[EventDate "2023.09.16"]
[EventType "swiss (rapid)"]
[EventRounds "9"]
[EventCountry "PER"]
[SourceTitle "EXT 2024"]
[Source "ChessBase"]
[SourceDate "2023.10.10"]
[SourceVersion "1"]
[SourceVersionDate "2023.10.10"]
[SourceQuality "1"]

1. d4 Nf6 2. Nf3 g6 3. Bg5 Bg7 4. Nbd2 0-0 5. e3 d6 6. Be2 h6 7. Bh4 Qe8 8. c3 e5 9. dxe5 dxe5 10. 0-0 Nbd7 11. a4 a5 12. Nc4 b6 13. Bg3 Ne4 14. Nfd2 Nxg3 15. hxg3 Nc5 16. Qc2 Bd7 17. b3 e4 18. Rfd1 h5 19. Na3 Bg4 20. Bxg4 hxg4 21. Nb5 Qe7 22. Nc4 f5 23. Rd2 Bf6 24. Rad1 Rf7 25. Nb2 Qe6 26. b4 Nb7 27. Nd4 Qa2 28. bxa5 Nxa5 29. Nb5 Nc4 30. Nxc4 Qxc4 31. Ra1 Be5 32. Qa2 Qxa2 33. Raxa2 Kg7 34. Kf1 Kf6 35. Ke2 Rh7 36. Rd1 Rh2 37. Rg1 Ke6 38. c4 Kd7 39. Nd4 Bxd4 40. exd4 Ra5 41. Ke3 g5 42. d5 Kd6 43. Kd4 c6 44. Rb2 Kc7 45. Rgb1 cxd5 46. Rxb6 dxc4 47. Rb7+ Kc8 48. Rb8+ Kc7 49. R1b7+ Kc6 50. Rb6+ Kc7 51. R8b7+ Kc8 52. Rb8+ 1/2-1/2

[Event "South America-ch 1st"]
[Site "Lima"]
[Date "2023.09.15"]
[Round "2"]
[White "Cori, Jorge Moise"]
[Black "Principe, Gerson"]
[Result "1-0"]
[WhiteElo "2627"]
[BlackElo "2213"]
[PlyCount "194"]
[EventDate "2023.09.14"]
[EventType "swiss"]
[EventRounds "9"]
[EventCountry "PER"]
[SourceTitle "EXT 2024"]
[Source "ChessBase"]
[SourceDate "2023.10.10"]
[SourceVersion "1"]
[SourceVersionDate "2023.10.10"]
[SourceQuality "1"]

1. c4 e6 2. Nf3 Nf6 3. g3 b6 4. Bg2 Bb7 5. 0-0 Be7 6. Nc3 0-0 7. d4 d5 8. Ne5 Nbd7 9. Bf4 c5 10. cxd5 Nxd5 11. Nxd5 exd5 12. Rc1 Nxe5 13. Bxe5 Qd7 14. dxc5 bxc5 15. Qb3 Rfd8 16. Rfd1 Bc6 17. Qf3 Qe6 18. Bf4 Rac8 19. Qh5 g6 20. Qe5 Qxe5 21. Bxe5 f6 22. Bf4 Kf7 23. h4 Bf8 24. b3 f5 25. Rd2 d4 26. Bxc6 Rxc6 27. Rc4 Rdc8 28. Kg2 Ke6 29. Kf3 Bg7 30. Rdc2 Kd5 31. Ra4 a6 32. Rac4 Bf8 33. Bc1 Be7 34. Bb2 Bf8 35. Rd2 Ke6 36. Rd1 Be7 37. Bc1 Bf6 38. Bg5 Bg7 39. Bf4 Bf6 40. Rg1 Kd5 41. Bc1 Ke6 42. Ba3 Be7 43. Rgc1 Kd5 44. Kg2 Bf8 45. Kf1 Be7 46. Rd1 Ke6 47. Ke1 f4 48. gxf4 Bxh4 49. Kf1 Be7 50. Kg2 h6 51. Kf3 Bd6 52. e3 dxe3 53. fxe3 Be7 54. Re4+ Kf7 55. Rd7 Re6 56. Rc4 Ke8 57. Ra7 Rcc6 58. e4 Red6 59. Rxe7+ Kxe7 60. Bxc5 Ke6 61. Bxd6 Rxd6 62. e5 Rb6 63. Rc8 g5 64. Rh8 Kd5 65. Rd8+ Ke6 66. Rf8 Ke7 67. Rh8 Rb4 68. Rh7+ Ke8 69. Rxh6 Rxf4+ 70. Ke3 a5 71. Ra6 Ke7 72. Rxa5 Ke6 73. Rb5 Rf1 74. Ke4 Rf4+ 75. Ke3 Rf1 76. Ke2 Rf8 77. a4 g4 78. Rb4 g3 79. Rg4 Rf2+ 80. Kd3 g2 81. Ke4 Rb2 82. a5 Rxb3 83. Rg6+ Kf7 84. Rxg2 Ra3 85. Rg5 Ra4+ 86. Kd3 Ke6 87. a6 Kd5 88. Rg6 Ra3+ 89. Kc2 Kxe5 90. Kb2 Ra4 91. Kb3 Ra1 92. Kc4 Ra2 93. Kc5 Rc2+ 94. Kb6 Rb2+ 95. Kc7 Ra2 96. Kb7 Rb2+ 97. Rb6 Rf2 1-0

[Event "Sabaneta op-A 2nd"]
[Site "Sabaneta Antioquia"]
[Date "2023.06.29"]
[Round "2"]
[White "Rios Parra, Alejandro"]
[Black "Cori, Jorge Moise"]
[Result "1-0"]
[WhiteElo "2176"]
[BlackElo "2636"]
[PlyCount "123"]
[EventDate "2023.06.28"]
[EventType "swiss"]
[EventRounds "9"]
[EventCountry "COL"]
[SourceTitle "CBM 215 Extra"]
[Source "ChessBase"]
[SourceDate "2023.09.30"]
[SourceVersion "1"]
[SourceVersionDate "2023.09.30"]
[SourceQuality "1"]

1. e4 c6 2. d4 d5 3. Nc3 dxe4 4. Nxe4 Bf5 5. Ng3 Bg6 6. Nf3 Nd7 7. h4 h6 8. h5 Bh7 9. Bd3 Bxd3 10. Qxd3 Ngf6 11. Bf4 e6 12. 0-0-0 Be7 13. c4 b5 14. Ne5 bxc4 15. Qxc4 Nd5 16. Bd2 Qb6 17. Ne4 Rb8 18. b3 Nxe5 19. dxe5 Qb5 20. Qxb5 cxb5 21. g4 Ba3+ 22. Kb1 Rc8 23. f4 Ke7 24. f5 Rc6 25. Rdf1 a5 26. f6+ gxf6 27. exf6+ Kd7 28. g5 hxg5 29. Nxg5 Ke8 30. h6 Bd6 31. h7 Be5 32. Ne4 a4 33. Rh6 axb3 34. axb3 Kd7 35. b4 Rc4 36. Nc5+ Kd6 37. Nd3 Bd4 38. Rf3 Rcc8 39. Be1 Ra8 40. Bg3+ e5 41. Rh5 Nc3+ 42. Kc2 Ra2+ 43. Kc1 Ra1+ 44. Kc2 Ra2+ 45. Kc1 Ne2+ 46. Kb1 Ra1+ 47. Kc2 Rc8+ 48. Nc5 Ra2+ 49. Kd1 Bxc5 50. h8Q Rxh8 51. bxc5+ Kd5 52. Rxh8 Nd4 53. Re3 Ra1+ 54. Kd2 Ra2+ 55. Kc1 e4 56. Rh5+ Kc6 57. Be5 Ne6 58. Bb2 Ra4 59. Re5 Rc4+ 60. Rc3 Ra4 61. Re3 Rc4+ 62. Kb1 1-0

[Event "American Continental 17th"]
[Site "Juan Dolio"]
[Date "2023.05.21"]
[Round "9"]
[White "Ghazarian, Kirk Vagho"]
[Black "Cori, Jorge Moise"]
[Result "1/2-1/2"]
[WhiteElo "2475"]
[BlackElo "2650"]
[PlyCount "130"]
[EventDate "2023.05.15"]
[EventType "swiss"]
[EventRounds "11"]
[EventCountry "DOM"]
[SourceTitle "CBM 214 Extra"]
[Source "ChessBase"]
[SourceDate "2023.07.31"]
[SourceVersion "1"]
[SourceVersionDate "2023.07.31"]
[SourceQuality "1"]

1. d4 Nf6 2. c4 g6 3. Nc3 Bg7 4. e4 d6 5. Be2 0-0 6. h4 c5 7. d5 e6 8. h5 exd5 9. exd5 Re8 10. h6 Bh8 11. Bg5 Na6 12. Kf1 Qb6 13. b3 Bf5 14. Rc1 Ne4 15. Nxe4 Rxe4 16. Rh4 Rxh4 17. Bxh4 Nb4 18. g4 Bd7 19. Qd2 Qa5 20. a4 Nc6 21. Qxa5 Nxa5 22. Bd1 Re8 23. Bg3 Be5 24. Bxe5 Rxe5 25. Nf3 Re4 26. Ng5 Rf4 27. Nh3 Rd4 28. f3 f5 29. Ng5 fxg4 30. Ne4 Kf7 31. Ng5+ Kg8 32. Ne4 gxf3 33. Bxf3 Nxb3 34. Re1 Rxe4 35. Bxe4 Nd2+ 36. Kf2 Nxc4 37. Bc2 Kf7 38. Kg3 Ne5 39. Rf1+ Ke7 40. Re1 Kf6 41. Rf1+ Ke7 42. Re1 Be8 43. Kf4 Kf6 44. Rf1 b6 45. Kg3+ Ke7 46. Rb1 Bd7 47. Re1 Be8 48. Rb1 c4 49. Kf4 Kf6 50. Rf1 a6 51. Ke4+ Ke7 52. Kd4 b5 53. axb5 axb5 54. Kc3 Bf7 55. Ra1 Ng4 56. Ra5 Nxh6 57. Rxb5 Ng4 58. Rb7+ Kf6 59. Kxc4 h5 60. Kd4 Ne5 61. Rb6 Ke7 62. Rb7+ Kf6 63. Rb6 Nf3+ 64. Ke3 Nh4 65. Rxd6+ Ke5 1/2-1/2

[Event "MrDodgy Online Inv Finals 3rd"]
[Site "Chess.com INT"]
[Date "2022.11.27"]
[Round "1.8"]
[White "Cori, Jorge Moise"]
[Black "Van Foreest, Jorden"]
[Result "0-1"]
[WhiteElo "2651"]
[BlackElo "2690"]
[PlyCount "56"]
[EventDate "2022.11.27"]
[EventType "k.o. (blitz)"]
[EventRounds "4"]
[EventCountry "GER"]
[SourceTitle "CBM 211 Extra"]
[Source "ChessBase"]
[SourceDate "2023.01.31"]
[SourceVersion "1"]
[SourceVersionDate "2023.01.31"]
[SourceQuality "1"]

1. e4 e5 2. Nf3 Nf6 3. Nxe5 d6 4. Nf3 Nxe4 5. Nc3 Nxc3 6. dxc3 Be7 7. Be3 Nc6 8. Qd2 Be6 9. 0-0-0 Qd7 10. Kb1 Bf6 11. Ng5 Bxg5 12. Bxg5 f6 13. Be3 0-0-0 14. f3 h5 15. Bf2 h4 16. Bd3 Ne5 17. Rhe1 h3 18. g3 Nxf3 19. Qe3 Nxe1 20. Qxa7 c5 21. Rxe1 Rhe8 22. Be4 Qb5 23. Bd3 Bc4 24. Bf5+ Kc7 25. b3 Rxe1+ 26. Bxe1 Re8 27. Bd2 Re2 28. Kc1 Qa6 0-1

[Event "MrDodgy Online Inv Finals 3rd"]
[Site "Chess.com INT"]
[Date "2022.11.27"]
[Round "1.1"]
[White "Van Foreest, Jorden"]
[Black "Cori, Jorge Moise"]
[Result "1/2-1/2"]
[WhiteElo "2690"]
[BlackElo "2651"]
[PlyCount "169"]
[EventDate "2022.11.27"]
[EventType "k.o. (blitz)"]
[EventRounds "4"]
[EventCountry "GER"]
[SourceTitle "CBM 211 Extra"]
[Source "ChessBase"]
[SourceDate "2023.01.31"]
[SourceVersion "1"]
[SourceVersionDate "2023.01.31"]
[SourceQuality "1"]

1. d4 Nf6 2. Bf4 e6 3. e3 d5 4. Nf3 c5 5. Nbd2 Bd6 6. dxc5 Bxf4 7. exf4 Qc7 8. g3 Qxc5 9. Bd3 Nc6 10. c3 0-0 11. 0-0 Bd7 12. Re1 Qb6 13. Nb3 Rfd8 14. Qe2 Rac8 15. h4 h6 16. Nbd4 Re8 17. Rad1 a6 18. Bb1 Kf8 19. Ne5 Nxd4 20. Rxd4 Bb5 21. Qe3 Bc6 22. Qd2 Nd7 23. Qc2 Nf6 24. Qe2 Bb5 25. Qd2 Bc6 26. a3 Qc7 27. Bd3 Nd7 28. Bc2 Nf6 29. Qd3 Bb5 30. Qf3 Qb6 31. g4 Nd7 32. g5 Nxe5 33. Rxe5 Rc4 34. gxh6 gxh6 35. Rd1 Ke7 36. Bd3 Rg8+ 37. Kf1 Qc7 38. Qe3 Rg4 39. Rxd5 Kf8 40. a4 exd5 41. axb5 Rcxf4 42. b6 Qc6 43. Re1 Qf6 44. Re2 Kg7 45. Ke1 Rf3 46. Qe7 Qxe7 47. Rxe7 Rxd3 48. Rxb7 Rg6 49. Ke2 Rh3 50. Rb8 Re6+ 51. Kd2 Rf3 52. b4 Rxf2+ 53. Kd3 Rf3+ 54. Kd4 Rc6 55. b7 Rb6 56. Kc5 Rff6 57. Kxd5 Rf5+ 58. Kd4 a5 59. bxa5 Rxa5 60. c4 Ra7 61. Rd8 Rbxb7 62. Rc8 Rd7+ 63. Kc3 Rac7 64. Rb8 Rd6 65. Rb5 Rdc6 66. Kd3 Rxc4 67. h5 Rc3+ 68. Kd4 R3c5 69. Rb2 Rxh5 70. Rg2+ Rg5 71. Rf2 Rg6 72. Ke5 Rg4 73. Kd6 Ra7 74. Kc6 Ra6+ 75. Kb7 Rf6 76. Re2 Rf5 77. Kc7 Rc4+ 78. Kd7 Rd5+ 79. Ke7 Rc6 80. Rg2+ Rg6 81. Re2 Re6+ 82. Rxe6 fxe6 83. Kxe6 Rd3 84. Kf5 Rg3 85. Ke4 1/2-1/2

[Event "MrDodgy Online Inv Finals 3rd"]
[Site "Chess.com INT"]
[Date "2022.11.27"]
[Round "1.3"]
[White "Van Foreest, Jorden"]
[Black "Cori, Jorge Moise"]
[Result "1-0"]
[WhiteElo "2690"]
[BlackElo "2651"]
[PlyCount "131"]
[EventDate "2022.11.27"]
[EventType "k.o. (blitz)"]
[EventRounds "4"]
[EventCountry "GER"]
[SourceTitle "CBM 211 Extra"]
[Source "ChessBase"]
[SourceDate "2023.01.31"]
[SourceVersion "1"]
[SourceVersionDate "2023.01.31"]
[SourceQuality "1"]

1. d4 d5 2. Nf3 c6 3. Bf4 Bg4 4. e3 Bxf3 5. Qxf3 Nf6 6. c4 e6 7. Nc3 Bb4 8. Bd3 Qa5 9. 0-0 Nbd7 10. Rfc1 dxc4 11. Bxc4 Nd5 12. Nxd5 exd5 13. Bd3 Nf6 14. Be5 Be7 15. b4 Qa3 16. Bf5 0-0 17. b5 cxb5 18. Bxf6 Bxf6 19. Qxd5 b4 20. Qxb7 Rab8 21. Qd5 a5 22. Qb3 a4 23. Qxa3 bxa3 24. Rc4 Ra8 25. Bd7 Rfb8 26. Bxa4 Rb2 27. Bb3 Bd8 28. g3 g6 29. Rac1 Kg7 30. Kg2 Ra7 31. R4c2 Ba5 32. h4 Bd2 33. Rd1 Bb4 34. Kf3 h5 35. Ke2 Rc7 36. Rdc1 Rc3 37. Kf3 Rbxb3 38. axb3 a2 39. Rxa2 Rxc1 40. Ra4 Be1 41. Ke2 Rb1 42. d5 Bc3 43. Kd3 Bf6 44. b4 Rb2 45. f4 Kf8 46. e4 Rb3+ 47. Kc4 Rc3+ 48. Kb5 Rxg3 49. e5 Bxh4 50. d6 Ke8 51. Kc6 Bd8 52. b5 Rc3+ 53. Kd5 Bb6 54. Ra8+ Kd7 55. Rf8 Rc5+ 56. Ke4 Rc4+ 57. Kf3 Ke6 58. Rb8 Ba7 59. Rb7 Bc5 60. Re7+ Kd5 61. Rxf7 Rc3+ 62. Kg2 h4 63. d7 Bb6 64. Rf6 h3+ 65. Kh2 Ba5 66. b6 1-0

[Event "MrDodgy Online Inv Gp-B 3rd"]
[Site "Chess.com INT"]
[Date "2022.11.26"]
[Round "4"]
[White "Tang, Andrew"]
[Black "Cori, Jorge Moise"]
[Result "1-0"]
[WhiteElo "2539"]
[BlackElo "2651"]
[PlyCount "79"]
[EventDate "2022.11.26"]
[EventType "tourn (blitz)"]
[EventRounds "15"]
[EventCountry "GER"]
[EventCategory "14"]
[SourceTitle "CBM 211 Extra"]
[Source "ChessBase"]
[SourceDate "2023.01.31"]
[SourceVersion "1"]
[SourceVersionDate "2023.01.31"]
[SourceQuality "1"]

1. d4 e6 2. Nf3 Nf6 3. Bf4 b6 4. e3 Bb7 5. Nbd2 d5 6. Bd3 Bd6 7. c3 0-0 8. 0-0 Ne4 9. Qc2 f5 10. Ne5 Nd7 11. Ndf3 Ndf6 12. h3 c5 13. Qe2 c4 14. Bc2 Qe8 15. Ne1 Be7 16. f3 Nd6 17. g4 Nd7 18. Ng2 Qd8 19. Bg3 g5 20. f4 Nxe5 21. dxe5 Ne4 22. Bxe4 dxe4 23. Rad1 Bd5 24. fxg5 Bxg5 25. h4 Bh6 26. gxf5 Qe8 27. f6 Kh8 28. Kh2 Qg6 29. Nf4 Bxf4 30. Bxf4 Rg8 31. Rg1 Qf5 32. Rg5 Rxg5 33. hxg5 Kg8 34. Kg3 Rd8 35. b3 Rc8 36. bxc4 Rxc4 37. Qd2 Qg6 38. Rh1 Rc7 39. Rh6 Qf5 40. g6 1-0

[Event "Mexican op 67th"]
[Site "Chihuahua City"]
[Date "2022.04.17"]
[Round "9"]
[White "Fernandez Hernandez, Arturo Augusto"]
[Black "Cori, Jorge Moise"]
[Result "0-1"]
[WhiteElo "2376"]
[BlackElo "2652"]
[PlyCount "138"]
[EventDate "2022.04.12"]
[EventType "swiss"]
[EventRounds "9"]
[EventCountry "MEX"]
[SourceTitle "CBM 207 Extra"]
[Source "ChessBase"]
[SourceDate "2022.05.31"]
[SourceVersion "1"]
[SourceVersionDate "2022.05.31"]
[SourceQuality "1"]

1. d4 Nf6 2. Nf3 g6 3. c4 Bg7 4. g3 0-0 5. Bg2 d6 6. Nc3 Nc6 7. 0-0 Bg4 8. d5 Bxf3 9. exf3 Na5 10. Qe2 c5 11. Re1 a6 12. Rb1 Rb8 13. Bf4 Re8 14. Bd2 e6 15. dxe6 Rxe6 16. Qf1 Nc6 17. Red1 Nd4 18. Be3 Ne8 19. f4 Nc7 20. a4 Re8 21. Qd3 Qd7 22. b4 b6 23. b5 axb5 24. axb5 Qf5 25. Nd5 Nxd5 26. Bxd5 Re7 27. Kg2 Qxd3 28. Rxd3 Nc2 29. Bc6 Bd4 30. Bxd4 Nxd4 31. Rb2 Ra7 32. Bd5 Re8 33. Re3 Kf8 34. Rxe8+ Kxe8 35. Rb1 Nc2 36. Bc6+ Ke7 37. Be4 Ra2 38. Kf1 Kf6 39. Rd1 Nd4 40. h4 h6 41. Re1 Ne6 42. Rd1 Ke7 43. Re1 Ra4 44. h5 Kf6 45. hxg6 fxg6 46. Bc2 Rb4 47. Bd3 Nc7 48. Ra1 d5 49. Ra7 dxc4 50. Bxc4 Ne6 51. Bd3 c4 52. Be4 Rxb5 53. Ke1 g5 54. Rh7 gxf4 55. Rxh6+ Ke7 56. gxf4 c3 57. Kd1 Rb4 58. f5 Rxe4 59. fxe6 b5 60. f3 Rd4+ 61. Kc2 b4 62. Rh2 Kxe6 63. Rh6+ Kd5 64. Kb3 Rd1 65. Rh8 Rb1+ 66. Kc2 Rb2+ 67. Kd3 Rd2+ 68. Ke3 Kc4 69. f4 Rd7 0-1

[Event "Mexican op 67th"]
[Site "Chihuahua City"]
[Date "2022.04.16"]
[Round "7"]
[White "Cori, Jorge Moise"]
[Black "Obregon Rivero, Juan Carlos"]
[Result "1/2-1/2"]
[WhiteElo "2652"]
[BlackElo "2530"]
[PlyCount "52"]
[EventDate "2022.04.12"]
[EventType "swiss"]
[EventRounds "9"]
[EventCountry "MEX"]
[SourceTitle "CBM 207 Extra"]
[Source "ChessBase"]
[SourceDate "2022.05.31"]
[SourceVersion "1"]
[SourceVersionDate "2022.05.31"]
[SourceQuality "1"]

1. c4 g6 2. g3 Bg7 3. Bg2 c5 4. Nc3 Nc6 5. Nf3 d6 6. 0-0 e6 7. a3 Nge7 8. Rb1 0-0 9. b4 b6 10. Bb2 Bb7 11. Ba1 Qd7 12. d3 Rad8 13. e3 Ne5 14. Nxe5 Bxe5 15. Qe2 Bxg2 16. Kxg2 Bg7 17. Rfd1 cxb4 18. axb4 d5 19. cxd5 Nxd5 20. Nxd5 Qxd5+ 21. Qf3 Qb5 22. Bxg7 Kxg7 23. d4 Rd7 24. Rdc1 e5 25. dxe5 Qxe5 26. Rc6 Re8 1/2-1/2

[Event "Mexican op 67th"]
[Site "Chihuahua City"]
[Date "2022.04.13"]
[Round "2"]
[White "Cori, Jorge Moise"]
[Black "Diaz Villagran, Robert"]
[Result "1/2-1/2"]
[WhiteElo "2652"]
[BlackElo "2295"]
[PlyCount "137"]
[EventDate "2022.04.12"]
[EventType "swiss"]
[EventRounds "9"]
[EventCountry "MEX"]
[SourceTitle "CBM 207 Extra"]
[Source "ChessBase"]
[SourceDate "2022.05.31"]
[SourceVersion "1"]
[SourceVersionDate "2022.05.31"]
[SourceQuality "1"]

1. c4 Nf6 2. Nc3 g6 3. g3 Bg7 4. Bg2 0-0 5. Nf3 d6 6. 0-0 e5 7. d3 Nc6 8. Rb1 a5 9. a3 h6 10. b4 axb4 11. axb4 Be6 12. b5 Ne7 13. Bb2 Qd7 14. Re1 Rab8 15. e4 Nh7 16. Nd5 c6 17. Nxe7+ Qxe7 18. Bc3 c5 19. Ra1 Bg4 20. h3 Bxf3 21. Qxf3 Ng5 22. Qe2 Ne6 23. h4 h5 24. Bh3 Bh6 25. b6 Kh7 26. Ra2 Nd8 27. Kg2 Nc6 28. Rh1 Ra8 29. Rha1 Rab8 30. Rb1 Ra8 31. Raa1 Rfb8 32. Rh1 Ra6 33. Qb2 Rba8 34. Rxa6 Rxa6 35. Ra1 Rxa1 36. Qxa1 Qd8 37. Qb2 Kg8 38. Kh2 Kf8 39. Kg2 Kg8 40. Kh2 Kh7 41. Bg2 Kg8 42. Bf3 g5 43. hxg5 Qxg5 44. Kh3 h4 45. Qe2 hxg3 46. fxg3 Qd8 47. Bh5 Qg5 48. Qf3 Nd8 49. Be1 Kf8 50. Bg4 Ke7 51. Bc8 Bg7 52. Bf2 Bf6 53. Be3 Qg6 54. Qf5 Kf8 55. Kg2 Kg7 56. Qh3 Bg5 57. Bf5 Qh6 58. Qg4 Kf6 59. Bf2 Ne6 60. Bxe6 fxe6 61. Qd1 Qh8 62. Qa1 Kf7 63. Be1 Qh5 64. Bf2 Qe2 65. Qf1 Qxf1+ 66. Kxf1 Bd8 67. Ke2 Bxb6 68. Kf3 Bd8 69. Kg4 1/2-1/2

[Event "Iberoamerican-ch 8th"]
[Site "Mexico City"]
[Date "2022.02.19"]
[Round "9"]
[White "Cori, Jorge Moise"]
[Black "Santos Latasa, Jaime"]
[Result "1-0"]
[WhiteElo "2650"]
[BlackElo "2640"]
[PlyCount "51"]
[EventDate "2022.02.12"]
[EventType "swiss"]
[EventRounds "9"]
[EventCountry "MEX"]
[SourceTitle "CBM 206 Extra"]
[Source "ChessBase"]
[SourceDate "2022.03.31"]
[SourceVersion "1"]
[SourceVersionDate "2022.03.31"]
[SourceQuality "1"]

1. c4 e6 2. Nc3 d5 3. e3 Nf6 4. Nf3 b6 5. b3 Bb7 6. Bb2 Nbd7 7. Be2 Bd6 8. cxd5 exd5 9. Nb5 Be7 10. Nbd4 c6 11. Rc1 Rc8 12. h4 Ne4 13. Qc2 Nd6 14. Nf5 Nxf5 15. Qxf5 Bf6 16. d4 Be7 17. Ne5 Nf6 18. h5 0-0 19. Bd3 c5 20. dxc5 Rxc5 21. Rxc5 bxc5 22. Nc6 Bxc6 23. Bxf6 g6 24. hxg6 fxg6 25. Qe6+ Rf7 26. Rxh7 1-0

[Event "Iberoamerican-ch 8th"]
[Site "Mexico City"]
[Date "2022.02.18"]
[Round "8"]
[White "Cori, Jorge Moise"]
[Black "Cordova, Emilio"]
[Result "1/2-1/2"]
[WhiteElo "2650"]
[BlackElo "2534"]
[PlyCount "34"]
[EventDate "2022.02.12"]
[EventType "swiss"]
[EventRounds "9"]
[EventCountry "MEX"]
[SourceTitle "CBM 206 Extra"]
[Source "ChessBase"]
[SourceDate "2022.03.31"]
[SourceVersion "1"]
[SourceVersionDate "2022.03.31"]
[SourceQuality "1"]

1. d4 Nf6 2. c4 e6 3. Nf3 b6 4. g3 Bb7 5. Bg2 Bb4+ 6. Bd2 Bxd2+ 7. Nbxd2 0-0 8. 0-0 d6 9. Qc2 c5 10. e4 cxd4 11. Nxd4 Nc6 12. Nxc6 Bxc6 13. Rad1 Qc7 14. Nb3 Rac8 15. Qd3 Bb7 16. Rc1 Ba6 17. Nd2 Qc5 1/2-1/2

[Event "Iberoamerican-ch 8th"]
[Site "Mexico City"]
[Date "2022.02.15"]
[Round "5"]
[White "Santos, Jose Guilherme B Li"]
[Black "Cori, Jorge Moise"]
[Result "0-1"]
[WhiteElo "2363"]
[BlackElo "2650"]
[PlyCount "70"]
[EventDate "2022.02.12"]
[EventType "swiss"]
[EventRounds "9"]
[EventCountry "MEX"]
[SourceTitle "CBM 206 Extra"]
[Source "ChessBase"]
[SourceDate "2022.03.31"]
[SourceVersion "1"]
[SourceVersionDate "2022.03.31"]
[SourceQuality "1"]

1. c4 e5 2. Nc3 Nc6 3. Nf3 Nf6 4. e4 d6 5. d4 exd4 6. Nxd4 Bd7 7. Be2 Be7 8. 0-0 0-0 9. f3 Re8 10. Be3 a5 11. b3 Nxd4 12. Qxd4 Bc6 13. Rad1 Nd7 14. Nd5 Bf6 15. Nxf6+ Qxf6 16. Qxf6 Nxf6 17. Kf2 b6 18. g4 Nd7 19. h4 f6 20. g5 Rf8 21. Kg3 Rae8 22. Rd3 Nc5 23. Bxc5 bxc5 24. Rf2 fxg5 25. hxg5 Re5 26. f4 Ree8 27. e5 dxe5 28. fxe5 Rxf2 29. Kxf2 Rxe5 30. Rd8+ Re8 31. Rxe8+ Bxe8 32. Bd3 h6 33. Kg3 hxg5 34. Kg4 Kf7 35. Kf5 g4 0-1